Bible puppet scripts for busy teachers. (Record no. 10027)

000 -LEADER
fixed length control field 00613nam a2200193 a 4500
001 - CONTROL NUMBER
control field :::00007812$&:&@@
003 - CONTROL NUMBER IDENTIFIER
control field OkBaRHE
005 - DATE AND TIME OF LATEST TRANSACTION
control field 20000607103339.0
008 - FIXED-LENGTH DATA ELEMENTS--GENERAL INFORMATION
fixed length control field s1984 j 000 0 eng u
040 ## - CATALOGING SOURCE
Transcribing agency
100 1# - MAIN ENTRY--PERSONAL NAME
Personal name Warner, Diane.
245 10 - TITLE STATEMENT
Title Bible puppet scripts for busy teachers.
260 ## - PUBLICATION, DISTRIBUTION, ETC. (IMPRINT)
Place of publication, distribution, etc Denver, CO., :
Name of publisher, distributor, etc Accent Books
Date of publication, distribution, etc 1984
300 ## - PHYSICAL DESCRIPTION
Extent 113 p. : illus. ;
Dimensions 26 cm.
650 ## - SUBJECT ADDED ENTRY--TOPICAL TERM
Topical term or geographic name as entry element Puppet Making
650 ## - SUBJECT ADDED ENTRY--TOPICAL TERM
Topical term or geographic name as entry element Puppets and Puppet-plays in Christian Education
942 ## - ADDED ENTRY ELEMENTS (KOHA)
Source of classification or shelving scheme
Koha item type Books
Copies
Barcode Date acquired Not for loan Source of classification or shelving scheme Koha item type Price effective from Date last seen Permanent Location Damaged status Lost status Shelving location Full call number Copy number Withdrawn status
78122010-04-14  Books2010-04-142010-04-14RHEMA Bible Training College  General StacksBV 1535.9 .W3B51